[Event "Canadian op U1800"]
[Site "Sault Ste Marie"]
[Date "2017.07.12"]
[Round "4.42"]
[White "Konovalenko, Nicholas"]
[Black "Kuttner, Amos"]
[Result "0-1"]
[WhiteElo "1706"]
[BlackElo "1706"]
[PlyCount "102"]
[EventDate "2017.07.08"]
[EventType "swiss"]
[EventRounds "9"]
[EventCountry "CAN"]
[SourceTitle "EXT 2022"]
[Source "ChessBase"]
[SourceDate "2021.10.06"]
[SourceVersion "1"]
[SourceVersionDate "2021.10.06"]
[SourceQuality "1"]

1. d4 d5 2. c4 e6 3. Nc3 Nf6 4. cxd5 exd5 5. Bg5 Be7 6. Qc2 Nbd7 7. e3 0-0 8. Bd3 Re8 9. Nge2 h6 10. Bh4 c6 11. 0-0 Nh5 12. Bxe7 Qxe7 13. Rab1 a5 14. a3 Nf8 15. b4 axb4 16. axb4 Qg5 17. Ng3 Nxg3 18. hxg3 b5 19. Ra1 Bb7 20. Ra2 Rxa2 21. Nxa2 Nd7 22. Nc1 Nf6 23. Nb3 Ng4 24. Bf5 Qh5 25. Bxg4 Qxg4 26. Na5 Qd7 27. Rc1 Re6 28. Ra1 Qe7 29. Qc5 Qxc5 30. dxc5 Bc8 31. Nb3 Bd7 32. Ra7 Be8 33. Nd4 Rf6 34. f4 Kf8 35. Kf2 g5 36. Nf3 g4 37. Ne5 h5 38. Ra8 Re6 39. Ke2 f6 40. Nd7+ Kg7 41. Ra7 Re7 42. Nxf6 Kxf6 43. Ra3 Re4 44. Rb3 Rc4 45. Kd2 Bg6 46. Rb2 Be4 47. Ke1 Rc1+ 48. Kf2 Ra1 49. Rd2 Rb1 50. Rd4 Rb2+ 51. Kf1 Bxg2+ 0-1

[Event "Windsor NAYCC U16"]
[Site "Windsor"]
[Date "2016.08.08"]
[Round "3.47"]
[White "Konovalenko, Nicholas"]
[Black "Zhang, Jeff"]
[Result "0-1"]
[WhiteElo "1555"]
[BlackElo "1907"]
[PlyCount "26"]
[EventDate "2016.08.07"]
[EventType "swiss"]
[EventRounds "9"]
[EventCountry "CAN"]
[SourceTitle "EXT 2022"]
[Source "ChessBase"]
[SourceDate "2021.10.06"]
[SourceVersion "1"]
[SourceVersionDate "2021.10.06"]
[SourceQuality "1"]

1. d4 Nf6 2. c4 g6 3. Nc3 Bg7 4. e4 d6 5. Nf3 0-0 6. Bd3 e5 7. d5 Nbd7 8. 0-0 Nh5 9. Ng5 h6 10. Nh3 Qh4 11. f4 exf4 12. Nxf4 Bd4+ 13. Kh1 Ng3# 0-1